[Event "FRA-ch U18"]
[Site "Montbeliard"]
[Date "2014.04.21"]
[Round "1"]
[White "Kambrath, Yannick"]
[Black "Ghirotto, Tanguy"]
[Result "1-0"]
[WhiteElo "2263"]
[BlackElo "1710"]
[PlyCount "47"]
[EventDate "2014.04.21"]
[EventType "swiss"]
[EventRounds "9"]
[EventCountry "FRA"]
[SourceTitle "CBM 160 Extra"]
[Source "ChessBase"]
[SourceDate "2014.07.01"]
[SourceVersion "1"]
[SourceVersionDate "2014.07.01"]
[SourceQuality "1"]

1. d4 d5 2. c4 c6 3. Nf3 Nf6 4. Nc3 dxc4 5. a4 Bf5 6. e3 e6 7. Bxc4 Bb4 8. 0-0 0-0 9. Qe2 Qe7 10. e4 Bg6 11. Bg5 Qc7 12. Bxf6 gxf6 13. Qe3 Re8 14. Rfd1 Nd7 15. Rac1 e5 16. d5 Bc5 17. Qe2 Bh5 18. h3 Bf8 19. dxc6 bxc6 20. Nb5 Qb7 21. Nd6 Bxd6 22. Rxd6 c5 23. Bb5 Red8 24. Rcd1 1-0